Open Data Biblioteca Nacional de Portugal


República Portuguesa: Ministério da Cultura
Biblioteca Nacional de Portugal

Catálogo da BNP: acesso por Identificadores Unívocos
Registos Bibliográficos associados ao registo de autoridade

Etiqueta de registo: 00254nam 2200025 450
001 2286599
003 http://id.bnportugal.gov.pt/bib/catbnp/2286599
010 ## $a978-989-8880-89-5$bv. 4)
010 ## $a978-989-8880-90-1$bv. 5)
010 ## $a978-989-8880-91-8$bv. 6)
010 ## $a978-989-8880-98-7$bv. 7)
010 ## $a978-989-36443-0-0$bv. 8)
100 ## $a20260521d2025 k y0pory01030103ba
101 0# $apor
102 ## $aPT
105 ## $ay z 000yy
106 ## $ar
200 1# $aJurisprudência$fRepública de Angola Tribunal de Contas
205 ## $a1ª ed
210 #9 $a[S.l.]$cLexdata - Sistemas e Edições Jurídicas,$d2025
215 ## $a5 v.$d25 cm
500 00 $aLeis, decretos, etc.
675 ## $a347.99(673)"2015/2024"(094.9)$vBN$zpor$31999451
675 ## $a336.1/.6(673)"2015/2024"(094.9)$vBN$zpor$31999452
675 ## $a351.72(673)"2015/2024"(094.9)$vBN$zpor$31999453
710 01 $aAngola.$bTribunal de Contas$3118252
801 #0 $aPT$bBN$gRPC
856 41 $uhttp://rnod.bnportugal.gov.pt/ImagesBN/winlibimg.aspx?skey=&doc=2286599&img=222749&save=true
966 ## $b001$dVol. IV$lBN$mFGMON$sS.C. 169234 V.$x1
966 ## $b001$dVol. IV$lBN$mFGMON$sS.C. 169234 V.-D$x1
966 ## $b001$dVol. V$lBN$mFGMON$sS.C. 169235 V.$x1
966 ## $b001$dVol. V$lBN$mFGMON$sS.C. 169235 V.-D$x1
966 ## $b001$dVol. VI$lBN$mFGMON$sS.C. 169236 V.$x1
966 ## $b001$dVol. VI$lBN$mFGMON$sS.C. 169236 V.-D$x1
966 ## $b001$dVol. VII$lBN$mFGMON$sS.C. 169237 V.$x1
966 ## $b001$dVol. VII$lBN$mFGMON$sS.C. 169237 V.-D$x1
966 ## $b001$dVol. VIII$lBN$mFGMON$sS.C. 169238 V.$x1
966 ## $b001$dVol. VIII$lBN$mFGMON$sS.C. 169238 V.-D$x1
971 ## $cisantos$d20260521
973 ## $cigoulao$d20260527

Etiqueta de registo: 00379nas 2200205 450
001 2168057
003 http://id.bnportugal.gov.pt/bib/catbnp/2168057
021 ## $aPT$b528862/24
100 ## $a20240524a20249999m y0pory01030103ba
101 0# $apor
102 ## $aAO
106 ## $ar
110 ## $aajazz 0uu0
200 1# $aRevista do Tribunal de Contas$fdir., coord., e org. Elisa Rangel Nunes, Armindo Jelembi
207 #0 $aNº 1 (abr. 2024)-
210 #9 $aLuanda$cTribunal de Contas de Angola,$d2024-
215 ## $d24 cm
326 ## $aSemestral
517 1# $aRevista do Tribunal de Contas de Angola
620 ## $dLuanda
675 ## $a347.9(673)(05)$vBN$zpor$31917286
675 ## $a336.1(673)(05)$vBN$zpor$31917287
702 #1 $aNunes,$bElisa Rangel,$f1956-$4300$31087987
702 #1 $aJelembi,$bArmindo Gideão Kunjiquisse$4300$31731847
712 01 $aAngola.$bTribunal de Contas$4650$3118252
801 #0 $aPT$bBN$gRPC
856 41 $uhttp://rnod.bnportugal.gov.pt/ImagesBN/winlibimg.aspx?skey=&doc=2168057&img=193998&save=true
966 ## $lBN$mFGREV$sR.E. 12691 V.$x1
971 ## $cssilva$d20240524
972 ## $d20240529$e0$vlrevez$z0
973 ## $cmlsousa$d20240528

OpendataBNP@bnportugal.pt | Mais informação sobre acesso aos dados BNP